| 000 | 00503nam a22001457a 4500 | ||
|---|---|---|---|
| 005 | 20161117103241.0 | ||
| 008 | 161117b xxu||||| |||| 00| 0 eng d | ||
| 040 | _cPK-LaUMT | ||
| 082 |
_aRHC 891.5509 _bZAH-P |
||
| 100 | _aظہورالدین احمد | ||
| 245 |
_aپاکستان میں فارسی ادب کی تاریخ _bعہد جہانگیر سے عہد اورنگ زیب تک _cظہورالدین احمد |
||
| 260 |
_aلاھور: _bمجلس ترقی ادب _c2016 |
||
| 300 | _a699 p. | ||
| 942 | _cBK | ||
| 999 |
_c88789 _d88789 |
||